000 00559nam a2200241Ia 4500
008 210210b2018 xxu||||| |||| 00| 0 eng d
020 _a9789386800008
041 _aeng
082 _a575 RASO
100 _aRASTOGI (Veer Bala)
245 _aOrganic evolution: evolutionary biology Rev Ed 13
250 _a
260 _aNew Delhi
_bMedtech
_c2018
300 _axv,588
650 _aOrganic
650 _aevolution
650 _aEd
650 _abiology)
650 _a13
650 _a(evolutionary
690 _aEvolution
906 _a072892
999 _c122685
_d122685